书目信息 |
| 题名: |
第三十届全国水动力学研讨会暨第十五届全国水动力学学术会议文集 下册
|
|
| 作者: | 吴有生 , 邵雪明 , 王军 主编 | |
| 分册: | ||
| 出版信息: | 北京 海洋出版社 2019.08 |
|
| 页数: | 2册 (xxi, xxi, 1472页) | |
| 开本: | 26cm | |
| 丛书名: | ||
| 单 册: | ||
| 中图分类: | TV131.2-5 | |
| 科图分类: | ||
| 主题词: | 水动力学--shui dong li xue--学术会议--文集 | |
| 电子资源: | ||
| ISBN: | 978-7-5210-0391-8 | |
| 000 | 01361nam0 2200265 450 | |
| 001 | 2077432455 | |
| 005 | 20201105213047.55 | |
| 010 | @a978-7-5210-0391-8@dCNY140.00 (2册280.00) | |
| 100 | @a20190917d2019 em y0chiy50 ea | |
| 101 | 0 | @achi@aeng |
| 102 | @aCN@b110000 | |
| 105 | @aak a 000yy | |
| 200 | 1 | @a第三十届全国水动力学研讨会暨第十五届全国水动力学学术会议文集 下册 @Adi san shi jie quan guo shui dong li xue yan tao hui ji di shi wu jie quan guo shui dong li xue xue shu hui yi wen ji@d= Proceedings of the 30th national conference on hydrodynamics & 15th national congress on hydrodynamics@f吴有生, 邵雪明, 王军主编@zeng |
| 210 | @a北京@c海洋出版社@d2019.08 | |
| 215 | @a2册 (xxi, xxi, 1472页)@c图@d26cm | |
| 320 | @a有书目 | |
| 330 | @a本书为每年一次的水动力学会议文集, 主要内容包括水动力学基础, 计算流体力学, 水动力学试验与测试技术, 工业流体力学, 船舶与海洋工程水动力学, 海岸环境与地球物理流体力学, 水利水电和河流动力学, 河口海岸以及船舶等。 | |
| 510 | 1 | @aProceedings of the 30th national conference on hydrodynamics & 15th national congress on hydrodynamics@zeng |
| 606 | 0 | @a水动力学@Ashui dong li xue@x学术会议@j文集 |
| 690 | @aTV131.2-5@v5 | |
| 701 | 0 | @a吴有生@Awu you sheng@4主编 |
| 701 | 0 | @a邵雪明@Ashao xue ming@4主编 |
| 701 | 0 | @a王军@Awang jun@4主编 |
| 801 | 0 | @aCN@b人天书店@c20201003 |
| 905 | @aZUCC@dTV131.2-51@eW906 | |
| 第三十届全国水动力学研讨会暨第十五届全国水动力学学术会议文集 下册 = Proceedings of the 30th national conference on hydrodynamics & 15th national congress on hydrodynamics/吴有生, 邵雪明, 王军主编.-北京:海洋出版社,2019.08 |
| 2册 (xxi, xxi, 1472页):图;26cm |
| ISBN 978-7-5210-0391-8:CNY140.00 (2册280.00) |
| 本书为每年一次的水动力学会议文集, 主要内容包括水动力学基础, 计算流体力学, 水动力学试验与测试技术, 工业流体力学, 船舶与海洋工程水动力学, 海岸环境与地球物理流体力学, 水利水电和河流动力学, 河口海岸以及船舶等。 |
| ● |
| 相关链接 |
|
|
|
正题名:第三十届全国水动力学研讨会暨第十五届全国
索取号:TV131.2-51/W906
 
预约/预借
| 序号 | 登录号 | 条形码 | 馆藏地/架位号 | 状态 | 备注 |
| 1 | 1481032 | 214810329 | 自科库501/501自科库 47排5列1层/ [索取号:TV131.2-51/W906] | 在馆 | |
| 2 | 1481033 | 214810338 | 自科库501/501自科库 47排5列1层/ [索取号:TV131.2-51/W906] | 在馆 |